Countries with an Airport with 100+ Destinations - Statistics

General Stats
  • This quiz has been taken 68 times
  • The average score is 41 of 45
Answers on the Map
Answers color-coded by a green-red scale on the quiz's map according to % correct below.
 
Answer Stats
Answer % Correct
Canada
98%
China
98%
India
98%
Saudi Arabia
98%
United Kingdom
98%
United States
98%
Brazil
97%
France
97%
Germany
97%
Greece
97%
Italy
97%
Japan
97%
Mexico
97%
Poland
97%
South Korea
97%
Spain
97%
United Arab Emirates
97%
Egypt
95%
Netherlands
95%
Russia
95%
Thailand
95%
Turkey
95%
Austria
93%
Finland
93%
Norway
93%
Portugal
93%
Singapore
93%
Sweden
93%
Belgium
92%
Colombia
92%
Denmark
92%
Ireland
92%
Malaysia
92%
Qatar
92%
Switzerland
92%
Czechia
90%
Israel
90%
Morocco
90%
Taiwan
90%
Hungary
88%
Romania
86%
Serbia
85%
Ethiopia
78%
Malta
63%
Luxembourg
58%
No matching quizzes found
Score Distribution
Percent of People with Each Score
Percentile by Number Answered
Your Score History
You have not taken this quiz